| 000 | 01053nam a22002657i 4500 | ||
|---|---|---|---|
| 003 | DO-SdBNP | ||
| 005 | 20250131133559.0 | ||
| 007 | ta | ||
| 008 | 240403b2006 |||||||| |||| 00| 0 eng d | ||
| 020 | _a9780742550476 | ||
| 040 |
_aDO-SdBNP _bspa _cBNPHU _erda |
||
| 082 | 4 |
_axxxx _bG751g _222 |
|
| 100 | 1 |
_aCrandall, Russell, _d1971- _eautor _4aut. _985111 |
|
| 245 | 1 | 0 |
_aGunboat democracy : _bU.S. interventions in the Dominican Republic, Grenada, and Panama / _cRussell Crandall. |
| 264 | 1 |
_aLanham [Md.] : _bRowman & Littlefield Publishers, _c2006. |
|
| 300 |
_a x, 255 páginas : _bilustraciones, mapas ; _c23 cm. |
||
| 336 |
_atexto _btxt _2rdacontent |
||
| 337 |
_asin mediación _bn _2rdamedia |
||
| 338 |
_avolumen _bnc _2rdacarrier |
||
| 504 | _aBibliografía : páginas 233-245 | ||
| 505 | 0 |
_aThe evolution of U.S. interventions and occupations in Latin America -- _tThe Dominican intervention, 1965 -- _tThe invasion of Grenada, 1983 -- _tThe invasion of Panama, 1989. |
|
| 590 | _aInventariado, 2024 /LP | ||
| 910 | _aLP | ||
| 942 |
_2ddc _cLBS1 |
||
| 999 |
_c56231 _d56231 |
||